Gallery of American dogs. (Record no. 11217)

MARC details
000 -LEADER
fixed length control field 00664cam a22002171 4500
001 - CONTROL NUMBER
control field agr50000490
003 - CONTROL NUMBER IDENTIFIER
control field DLC
005 - DATE AND TIME OF LATEST TRANSACTION
control field 20260227111013.0
008 - FIXED-LENGTH DATA ELEMENTS--GENERAL INFORMATION
fixed length control field 720913s1950 xx 000 0 eng
010 ## - LIBRARY OF CONGRESS CONTROL NUMBER
LC control number agr50000490
035 ## - SYSTEM CONTROL NUMBER
System control number (OCoLC)405804
040 ## - CATALOGING SOURCE
Original cataloging agency DLC
Transcribing agency OKentU
Modifying agency DLC
042 ## - AUTHENTICATION CODE
Authentication code premarc
050 00 - LIBRARY OF CONGRESS CALL NUMBER
Classification number SF427
Item number .M58
100 1# - MAIN ENTRY--PERSONAL NAME
Personal name Miller, Harry Herman,
Dates associated with a name 1900-
245 00 - TITLE STATEMENT
Title Gallery of American dogs.
Statement of responsibility, etc. Photos. by Arthur S. Mawhinney and Katherine Holt Mawhinney; pen-and-ink drawings by Paul Brown.
260 ## - PUBLICATION, DISTRIBUTION, ETC.
Place of publication, distribution, etc. New York,
Name of publisher, distributor, etc. McGraw-Hill
Date of publication, distribution, etc. [1950]
300 ## - PHYSICAL DESCRIPTION
Extent x, 262 p.
Other physical details illus.
Dimensions 26 cm.
650 #0 - SUBJECT ADDED ENTRY--TOPICAL TERM
Topical term or geographic name entry element Dogs.
700 1# - ADDED ENTRY--PERSONAL NAME
Personal name Mawhinney, Arthur S.,
Relator term illus.

No items available.

Powered by Koha